| 000 | 00899nam a2200217Ia 4500 | ||
|---|---|---|---|
| 003 | OSt | ||
| 005 | 20210504091713.0 | ||
| 008 | 210310s1971 ck frl 000 0 spa d | ||
| 040 |
_aCO-JMCR _cCO-JMCR |
||
| 041 | 0 | _aspa | |
| 082 | 0 | 4 |
_a334 / _bM357d _223 |
| 100 | 1 |
_aMarquez C., Ismael E., _915436 _eautor |
|
| 245 | 1 | 0 |
_aDerecho colombiano de cooperativas / _cIsmael E. Márquez C. |
| 260 |
_aBogotá : _bUniversidad Externado de Colombia, _c1971 |
||
| 300 |
_a287 páginas ; _c22 cm. |
||
| 500 | _aIncluye notas a pie de página. | ||
| 505 | 0 | _aDe las sociedades cooperativas -- De las relaciones de las sociedades cooperativas con el Estado -- De la superintendencia nacional de cooperativas -- Del instituto nacional de financiamiento y desarrollo cooperativo | |
| 650 | 1 | 4 |
_aCooperativas _915438 _xLegislación _zColombia |
| 710 | 2 | 4 |
_aUniversidad Externado de Colombia _98197 |
| 942 |
_2ddc _cBK |
||
| 999 |
_c7780 _d7780 |
||